LEADER 01053nam0-2200325 --450 001 9910167855003321 005 20170420114635.0 010 $a978-88-06-19818-3 020 $aIT$b2010-4075 100 $a20170418d2010----kmuy0itay5050 ba 101 $aita 102 $aIT 105 $a 001yy 200 1 $aAntropologia dal punto di vista pragmatico$fImmanuel Kant$gintroduzione e note di Michel Foucault$gtraduzioni di Mauro Bertani e Gianluca Garelli 210 $aTorino$cEinaudi$d2010 215 $aIX, 365 p.$d20 cm 225 1 $aPiccola biblioteca Einaudi$iClassici$iFilosofia$v481 610 0 $aAntropologia culturale$aOpere del 18. sec 676 $a128 700 1$aKant,$bImmanuel$048116 702 1$aFoucault,$bMichel 702 1$aBertani,$bMauro 702 1$aGarelli,$bGianluca 801 0$aIT$bUNINA$gRICA$2UNIMARC 901 0$aBK 912 $a9910167855003321 952 0$aP.1 7D KANT 66$bDip. Fil. Aliotta 6558$fFLFBC 959 0$aFLFBC 996 $aAnthropologie in pragmatischer Hinsicht$926668 997 $aUNINA LEADER 02705oam 2200637I 450 001 9910787724803321 005 20230617013433.0 010 $a1-135-48991-2 010 $a1-135-48984-X 010 $a0-203-95922-1 024 7 $a10.4324/9780203959220 035 $a(CKB)2670000000518654 035 $a(EBL)1619106 035 $a(SSID)ssj0001108546 035 $a(PQKBManifestationID)11717335 035 $a(PQKBTitleCode)TC0001108546 035 $a(PQKBWorkID)11086695 035 $a(PQKB)11012938 035 $a(OCoLC)874173072 035 $a(MiAaPQ)EBC1619106 035 $a(OCoLC)870272=776 035 $a(EXLCZ)992670000000518654 100 $a20180706d2005 uy 0 101 0 $aeng 135 $aur|n|---||||| 181 $ctxt 182 $cc 183 $acr 200 10$a"No image there and the gaze remains" $ethe visual in the work of Jorie Graham /$fatherine Sona Karagueuzian 210 1$aNew York :$cRoutledge,$d2005. 215 $a1 online resource (223 p.) 225 1 $aStudies in Major Literary Authors 300 $aDescription based upon print version of record. 311 $a0-415-86720-7 311 $a0-415-97532-8 320 $aIncludes bibliographical references and index. 327 $aCover; Title Page; Copyright Page; Dedication; Table of Contents; Acknowledgments; Chapter One Jorie Graham as Twenty-First Century Modernist; Chapter Two The Impact of the Poet's Eye upon the World and the Word: Hybrids of Plants and of Ghosts and Erosion; Chapter Three Self-Portrait and Autobiographical Vision: The End of Beauty and Region of Unlikeness; Chapter Four The Impenetrable World and the Poet's Frustrated Vision: Materialism and The Errancy; Chapter Five Linguistic Economy, Abstemiousness, and the Return to the Natural World: Swarm and Never; Notes; Bibliography; Index 330 $aFirst Published in 2006. Routledge is an imprint of Taylor & Francis, an informa company. 410 0$aStudies in major literary authors (Unnumbered) 606 $aDescription (Rhetoric)$xHistory$y20th century 606 $aPsychoanalysis and literature$zUnited States 606 $aModernism (Literature)$zUnited States 606 $aVisual perception in literature 615 0$aDescription (Rhetoric)$xHistory 615 0$aPsychoanalysis and literature 615 0$aModernism (Literature) 615 0$aVisual perception in literature. 676 $a811/.54 700 $aKaragueuzian$b Catherine Sona$f1969-,$01498815 801 0$bMiAaPQ 801 1$bMiAaPQ 801 2$bMiAaPQ 906 $aBOOK 912 $a9910787724803321 996 $a"No image there and the gaze remains"$93724455 997 $aUNINA